Statistics for Name a valid F1 driver

Click here to take the quiz!

General Stats

  • This quiz has been taken 112 times
  • The average score is 7 of 10

Answer Stats

Name an F1 driver who...Answer% Correct
entered more than 300 grands prixFernando Alonso | Rubens Barrichello | Jenson Button | Lewis Hamilton | Kimi Raikkonen | Michael Schumacher | Sebastian Vettel
99%
won exactly three world championshipsJack Brabham | Niki Lauda | Nelson Piquet | Ayrton Senna | Jackie Stewart | Max Verstappen
99%
lost a championship by a point or lessDamon Hill | Fernando Alonso | Lewis Hamilton | Graham Hill | Niki Lauda | Felipe Massa | Stirling Moss | Alain Prost | Carlos Reutemann | Wolfgang Von Trips
90%
founded a constructorChris Amon | Jean Behra | Jack Brabham | Wilson Fittipaldi | Dan Gurney | Graham Hill | Bruce McLaren | Arturo Merzario | Jackie Oliver | Alain Prost | Hector Rebaque | Jackie Stewart | Aguri Suzuki
86%
won more than 10 races but was never world championRubens Barrichello | David Coulthard | Felipe Massa | Stirling Moss | Carlos Reutemann
82%
won races in three different decadesJack Brabham | Lewis Hamilton
79%
was from ColombiaRoberto Guerrero | Ricardo Londoño | Juan-Pablo Montoya
76%
is a second-generation world championDamon Hill | Nico Rosberg
67%
was femaleMaria Teresa de Filippis | Lella Lombardi
30%
won their very first raceGiancarlo Baghetti
17%

Score Distribution

Percentile by Number Answered

Percent of People with Each Score

Your Score History

You have not taken this quiz